|
|
|
|
| LEADER |
00808nab a2200229 i 4500 |
| 001 |
publ24901 |
| 005 |
20220818115221.0 |
| 008 |
220818s2011 hu o 0|| Angol d |
| 022 |
|
|
|a 2174-6036
|
| 024 |
7 |
|
|a 1873010
|2 mtmt
|
| 040 |
|
|
|a SZTE Publicatio Repozitórium
|b hun
|
| 041 |
|
|
|a Angol
|
| 100 |
1 |
|
|a Bóta András
|
| 245 |
1 |
0 |
|a Systematic learning of edge probabilities in the Domingos-Richardson model
|h [elektronikus dokumentum] /
|c Bóta András
|
| 260 |
|
|
|c 2011
|
| 300 |
|
|
|a 115-118
|
| 490 |
0 |
|
|a INTERNATIONAL JOURNAL OF COMPLEX SYSTEMS IN SCIENCE
|v 1 No. 2
|
| 650 |
|
4 |
|a Matematika
|
| 650 |
|
4 |
|a Számítás- és információtudomány
|
| 700 |
0 |
1 |
|a Krész Miklós
|e aut
|
| 700 |
0 |
1 |
|a Pluhár András
|e aut
|
| 856 |
4 |
0 |
|u http://publicatio.bibl.u-szeged.hu/24901/1/ijcss01_02-115-118.pdf
|z Dokumentum-elérés
|